Annual statement of the trade of the United Kingdom With Commonwealth Countries and Foreign Countries 1951-53. (Record no. 568702)

MARC details
000 -LEADER
fixed length control field 00740nam a2200253Ia 4500
003 - CONTROL NUMBER IDENTIFIER
control field OSt
005 - DATE AND TIME OF LATEST TRANSACTION
control field 20220925215410.0
008 - FIXED-LENGTH DATA ELEMENTS--GENERAL INFORMATION
fixed length control field 220923b |||||||| |||| 00| 0 eng d
037 ## - SOURCE OF ACQUISITION
Terms of availability General Book
040 ## - CATALOGING SOURCE
Original cataloging agency RTL
Transcribing agency RTL
Language of cataloging eng
041 ## - LANGUAGE CODE
Source of code eng
Language code of text/sound track or separate title eng
110 ## - MAIN ENTRY--CORPORATE NAME
Corporate name or jurisdiction name as entry element GRAIT BRITAIN.
9 (RLIN) 282758
245 #0 - TITLE STATEMENT
Title Annual statement of the trade of the United Kingdom With Commonwealth Countries and Foreign Countries 1951-53.
260 ## - PUBLICATION, DISTRIBUTION, ETC.
Place of publication, distribution, etc. London
Name of publisher, distributor, etc. HMSO UK
Date of publication, distribution, etc. 1954
300 ## - PHYSICAL DESCRIPTION
Extent 1003p.
Dimensions cm.
490 ## - SERIES STATEMENT
Volume/sequential designation V3
650 ## - SUBJECT ADDED ENTRY--TOPICAL TERM
Topical term or geographic name entry element Trade
700 ## - ADDED ENTRY--PERSONAL NAME
Personal name GRAIT BRITAIN.
9 (RLIN) 282759
942 ## - ADDED ENTRY ELEMENTS (KOHA)
Classification part X:54.3.N54, J3.3/GD
Koha item type General Books
Source of classification or shelving scheme Colon Classification (CC)
Holdings
Withdrawn status Lost status Damaged status Not for loan Home library Current library Date acquired Serial Enumeration / chronology Total Checkouts Full call number Barcode Date last seen Price effective from Koha item type
        Ratan Tata Library Ratan Tata Library 2022-09-25 V3   X:54.3.N54 J3.3/GD RT0016856 2022-09-25 2022-09-25 General Books
Copyright @ Delhi University Library System